| 000 | 00957namaa2200301 a 4500 | ||
|---|---|---|---|
| 001 | vtls001221726 | ||
| 003 | NLI | ||
| 005 | 20210603171921.0 | ||
| 008 | 120330s1961 dcu i000 0 eng | ||
| 039 | 9 |
_y201203301731 _zVLOAD |
|
| 040 |
_aNLI _cVTLS-2012_FOD _eAACR2 |
||
| 041 | 0 | _aeng | |
| 044 | _adcu | ||
| 082 | 0 | 4 | _a658.860973 |
| 110 | 1 |
_aUnited States. _bBureau of Census _9619611 |
|
| 245 | 1 | 0 |
_aUnited States census of business : _f1958 _bwholesale trade - area statistics |
| 260 |
_aWashington : _bU.S. Govt. Print. Off., _c1961 |
||
| 300 |
_a-v ; _c30 cm. |
||
| 500 | _aLibrary has v.4 | ||
| 650 | 0 |
_aRetail trade _zUnited States _9347195 |
|
| 650 | 0 |
_aWholesale trade _zUnited States _9347402 |
|
| 710 | 1 |
_aUnited States. _bGovernment Printing Office _94058 |
|
| 887 | _a | ||
| 901 |
_aAD23327 _b25.07.1962 _9v.4 |
||
| 902 | _aU.S 658.860973 Us 3 (1958) | ||
| 942 |
_2ddc _cBKS |
||
| 949 |
_AVIRTUAITEM _D10000 _X100 _6ADX000023327ENG _9v.4 |
||
| 999 |
_c525943 _d525943 |
||